000 00766 a2200229 4500
003 CBULib
005 20240628102234.0
008 240628b |||||||| |||| 00| 0 eng d
040 _bEnglish
_cCBULib
_erda
050 _aCBU-PG THESIS/IMA
_bB85106
100 _aImasiku, Mutauka
245 _aThe impact of selected macro economic variables on bank performance in Zambia
_c/ by Mutauka Imasiku
260 _bCopperbelt University:
_c2023
_aKitwe,
300 _aix, 56 pages : Colour illustrations
336 _2rdacontent
_aText |
_btxt
337 _2rdamedia
_aUnmediated |
_bn
338 _2rdacarrier
_aVolume
_bnc
500 _aincludes bibliographical references
650 0 _93038
_aMACROECONOMICS
650 0 _93040
_aBANKS AND BANKING
942 _2lcc
_c030
999 _c85106
_d85106